Dos cantos chamanísticos de los indios cunas / (Registro nro. 1787)

000 -CABECERA
campo de control de longitud fija 00915nam a2200253 4500
005 - FECHA Y HORA DE LA ÚLTIMA TRANSACCIÓN
campo de control 20210629175913.0
008 - DATOS DE LONGITUD FIJA--INFORMACIÓN GENERAL
campo de control de longitud fija 210629s1963 sw |||fr|||| 001 0 spa d
040 ## - FUENTE DE LA CATALOGACIÓN
Centro catalogador/agencia de origen CENDOC CAAAP
Lengua de catalogación spa
Centro/agencia transcriptor CAAAP
041 ## - CÓDIGO DE LENGUA
Código de lengua del texto/banda sonora o título independiente spa
050 ## - SIGNATURA TOPOGRÁFICA DE LA BIBLIOTECA DEL CONGRESO
Número de clasificación GN 475.8
Número de documento/Ítem .H71
100 1# - ENTRADA PRINCIPAL--NOMBRE DE PERSONA
Nombre personal Holmer, Nils M.
9 (RLIN) 3513
245 1# - MENCIÓN DE TÍTULO
Título Dos cantos chamanísticos de los indios cunas /
Mención de responsabilidad, etc. Nils M. Holmer y S. Henry Wassén
250 ## - MENCIÓN DE EDICIÓN
Mención de edición 1ra ed.
260 ## - PUBLICACIÓN, DISTRIBUCIÓN, ETC.
Lugar de publicación, distribución, etc. Göteborg:
Nombre del editor, distribuidor, etc. Etnografiska Museet,
Fecha de publicación, distribución, etc. 1963
300 ## - DESCRIPCIÓN FÍSICA
Extensión 151 p.
490 ## - MENCIÓN DE SERIE
Mención de serie (Etnologiska Studier ;
Volumen 27)
505 ## - NOTA DE CONTENIDO CON FORMATO
Nota de contenido con formato Contiene : Datos de Serkan-Ikala y su contenido -- Serkan-Ikala. Texto cuna normalizado --Traducción -- Sobre la pictografia (con una copia de dibujitos).
650 10 - PUNTO DE ACCESO ADICIONAL DE MATERIA--TÉRMINO DE MATERIA
9 (RLIN) 3517
Término de materia o nombre geográfico como elemento de entrada Indígenas Cuna
650 20 - PUNTO DE ACCESO ADICIONAL DE MATERIA--TÉRMINO DE MATERIA
9 (RLIN) 2557
Término de materia o nombre geográfico como elemento de entrada Chamanismo
650 20 - PUNTO DE ACCESO ADICIONAL DE MATERIA--TÉRMINO DE MATERIA
9 (RLIN) 3456
Término de materia o nombre geográfico como elemento de entrada Curanderos
653 ## - TÉRMINO DE INDIZACIÓN--NO CONTROLADO
Término no controlado Serkan-Ikala (cánticos)
700 ## - PUNTO DE ACCESO ADICIONAL--NOMBRE DE PERSONA
9 (RLIN) 479
Nombre de persona Wassén, S. Henry
Fechas asociadas al nombre 1908-1996
942 ## - ELEMENTOS PERSONALIZADOS KOHA
Fuente del sistema de clasificación o colocación
Fecha de catalogación 29 - 06 - 21
Tipo de ítem Koha Libros
Existencias
Fuente del sistema de clasificación o colocación Localización permanente Ubicación/localización actual Fecha de adquisición Número de inventario Total de préstamos Signatura LC Fecha visto por última vez Tipo de ítem Koha
  CENTRO DE DOCUMENTACIÓN (CENDOC) CENTRO DE DOCUMENTACIÓN (CENDOC) 06/29/2021 001630   GN 475.8 .H71 06/29/2021 Libros
Centro de Documentación CAAAP | AV. Manuel González Prada 626, Magdalena del Mar | (51-1) 4615223 Anexo 205 y 209 | cendoc@caaap.org.pe